« Retourner aux résultats de recherche
ancien calendrier d'un amour (L')
roman
| Auteur principal: | Andreï Makine Auteur du texte |
|---|---|
| Support: | Livres |
| Langue: | Francais |
| Publié: |
2023 Grasset Paris |
| Genre: |
Roman |
| Sujets: | |
| Étiquettes: |
Ajouter
Pas de Tags !
|
| LEADER | 01205nam0a2200193 450 | ||
|---|---|---|---|
| 001 | 16841649 | ||
| 010 | |a 978-2-246-83230-0 |b broché |d 19,5 | ||
| 100 | |a 20230220d2023 u u0frey01 ba | ||
| 101 | 0 | |a fre | |
| 102 | |a FR | ||
| 200 | 0 | |a ancien calendrier d'un amour (L') |e roman |f Andreï Makine | |
| 207 | 1 | |a | |
| 210 | |a Paris |b 61 rue des Saints Pères. |c Grasset |d 2023 | ||
| 215 | |a 1 volume (195 pages) |d 21 cm | ||
| 330 | |a ' Qu'importe l'éternité de la damnation à qui a trouvé dans une seconde l'infini de la jouissance. ' (Baudelaire) Tel serait l'esprit de cette saga lapidaire [xe2][x80][x94] un siècle de fureur et de sang que va traverser Valdas Bataeff en affrontant, tout jeune, les événements tragiques de son époque. Au plus fort de la tempête, il parvient à s'arracher à la cruauté du monde : un amour clandestin dans une parenthèse enchantée, entre l'ancien calendrier de la Russie impériale et la nouvelle chronologie imposée par les ' constructeurs de l'avenir radieux '. | ||
| 700 | 0 | |a Makine |b Andreï |c Auteur du texte |f 1957 |4 70 | |
| 900 | |a Roman | ||
| 901 | |a Accessible au prêt | ||
| 995 | |a Bibliothèque |c Bibliothèque |f 024023298 |h 024023298 |k R MAK |o p |q a |r az |e Bibliothèque | ||
